AH International Schools' Libraries

How does a caterpillar change? : (Record no. 50399)

MARC details
000 -LEADER
fixed length control field 01363nam a2200253 4500
020 ## - INTERNATIONAL STANDARD BOOK NUMBER
International Standard Book Number 9780593385609
Qualifying information (board book)
035 ## - SYSTEM CONTROL NUMBER
System control number 22248280
040 ## - CATALOGING SOURCE
Original cataloging agency DLC
Language of cataloging eng
Transcribing agency DLC
Description conventions rda
Modifying agency DLC
042 ## - AUTHENTICATION CODE
Authentication code pcc
050 00 - LIBRARY OF CONGRESS CALL NUMBER
Classification number QL544.2
Item number .C3655 2022
082 00 - DEWEY DECIMAL CLASSIFICATION NUMBER
Classification number 595.78/9156
Edition number 23
100 1# - MAIN ENTRY--PERSONAL NAME
Personal name Carle, Eric,
Relator term author,
-- illustrator.
245 10 - TITLE STATEMENT
Title How does a caterpillar change? :
Remainder of title life cycles with the very hungry caterpillar /
Statement of responsibility, etc Eric Carle.
260 ## - PUBLICATION, DISTRIBUTION, ETC. (IMPRINT)
Place of publication, distribution, etc New York ;
Name of publisher, distributor, etc World of Eric Carle :
Date of publication, distribution, etc February 22, 2022.
300 ## - PHYSICAL DESCRIPTION
Extent 1 volume (unpaged) :
Other physical details chiefly color illustrations ;
Dimensions 13 cm.
490 ## - SERIES STATEMENT
Series statement Life Cycles with The Very Hungry Caterpillar
520 ## - SUMMARY, ETC.
Summary, etc "In this nonfiction story, young readers can explore the transformation of a caterpillar into a butterfly. The miracles of nature come to life in this early-learning series centered around life cycles, featuring simple text and Eric Carle's classic illustrations!"--
521 ## - TARGET AUDIENCE NOTE
Target audience note Ages 1-3
Source World of Eric Carle
650 ## - SUBJECT ADDED ENTRY--TOPICAL TERM
Topical term or geographic name as entry element Butterflies
General subdivision Life cycles
Form subdivision Juvenile literature.
650 ## - SUBJECT ADDED ENTRY--TOPICAL TERM
Topical term or geographic name as entry element Caterpillars
Form subdivision Juvenile literature.
9 (RLIN) 18602
942 ## - ADDED ENTRY ELEMENTS (KOHA)
Source of classification or shelving scheme
Koha item type Book
Holdings
Withdrawn status Lost status Source of classification or shelving scheme Damaged status Not for loan Home library Current library Date acquired Total Checkouts Full call number Barcode Checked out Date last seen Date checked out Price effective from Koha item type
          Logos International School Logos International School 04/20/2026 1 BB CAR 040944 05/07/2026 04/29/2026 04/29/2026 04/20/2026 Board Book

For any Logos Library related questions please contact Miss Art at swongnarasuk@asianhope.org.

For any Asian Hope Library related questions please contact Miss Raza at graza@asianhope.org.

Powered by Koha